المنازعات في الجرائم الجنائية معلقاً عليها بأحدث أحكام محكمة النقض و المحكمة الدستورية العليا / (رقم التسجيلة. 48701)

تفاصيل مارك
000 -LEADER
fixed length control field 00582nam a22001577a 4500
005 - DATE AND TIME OF LATEST TRANSACTION
control field 20251108170756.0
008 - FIXED-LENGTH DATA ELEMENTS--GENERAL INFORMATION
fixed length control field 250721s1999 xx 000 0 ara d
082 14 - DEWEY DECIMAL CLASSIFICATION NUMBER
Classification number 345/صاد
100 1# - MAIN ENTRY--PERSONAL NAME
Personal name صادق، موريس
245 10 - TITLE STATEMENT
Title المنازعات في الجرائم الجنائية معلقاً عليها بأحدث أحكام محكمة النقض و المحكمة الدستورية العليا /
264 ## - PRODUCTION, PUBLICATION, DISTRIBUTION, MANUFACTURE, AND COPYRIGHT NOTICE
Name of producer, publisher, distributor, manufacturer دينا القانون،
Date of production, publication, distribution, manufacture, or copyright notice 1999.
650 17 - SUBJECT ADDED ENTRY--TOPICAL TERM
Topical term or geographic name as entry element القانون الجنائي
650 17 - SUBJECT ADDED ENTRY--TOPICAL TERM
Topical term or geographic name as entry element القذف و التشهير
942 ## - ADDED ENTRY ELEMENTS (KOHA)
Source of classification or shelving scheme Dewey Decimal Classification
Koha item type كتب
المقتنيات
حالة السحب حالة الفقدان مصدر التصنيف حالة التلف غير قابل للإعارة المكتبة الرئيسية المكتبة الحالية موقع الرف تاريخ التزويد الرقم المتسلسل Total Checkouts رقم الإستدعاء تاريخ آخر ظهور تاريخ الفاتورة نوع المادة (كوها)
    Dewey Decimal Classification Unchecked   مكتبة الحسن العامة مكتبة الحسن العامة الإعارة 06/07/2004 326518   345/صاد 28/07/2025 06/07/2004 كتب
    Dewey Decimal Classification Unchecked   مكتبة الحسن العامة مكتبة الحسن العامة الإعارة 06/07/2004 326361   345/صاد 28/07/2025 06/07/2004 كتب
Implemented & Customized by: BBB with SCIT (Smart Chains for Information Technology)

Powered by Koha